| 000 | 00999nam a2200289 a 4500 | ||
|---|---|---|---|
| 003 | MX-MxUPN | ||
| 005 | 20220729123232.0 | ||
| 008 | 220729t1978 cu |||||rb||| 000 0 spa d | ||
| 040 |
_aMX-MxUPN _bspa _cMX-MxUPN |
||
| 041 | 0 | _aspa | |
| 050 | 1 | 4 |
_aLB1653 C911 _bR36 |
| 100 | 1 |
_aRamos Sierra, Olga _944165 |
|
| 100 | 1 |
_aVega Camarós, Delia _944166 |
|
| 100 | 1 |
_aZayas Hernández, Ofelia de _945283 |
|
| 100 | 1 |
_aSánchez Pérez, Olga _945267 |
|
| 100 | 1 |
_aGonzález Expósito, Daysi _945425 |
|
| 100 | 1 |
_aTaboada Rodríguez, Rigoberto _945284 |
|
| 100 | 1 |
_aMaura Peña, Ofelia _945270 |
|
| 100 | 1 |
_aEnríquez Brito, Isabel _945424 |
|
| 245 | 1 | 0 |
_aGeografía económica : _bonceno grado |
| 260 |
_aCiudad de La Habana : _bEditorial Pueblo y Educación, _c©1978. |
||
| 300 | _a124 páginas | ||
| 490 | 0 | _aOrientaciones metodológicas | |
| 504 | _aIncluye referencias bibliográficas. | ||
| 650 | 4 |
_aGeografía económica _xEstudio y enseñanza (Media superior) _945429 |
|
| 942 |
_2lcc _cLIBRO |
||
| 999 |
_c208773 _d208773 |
||